• 首页
  • 本馆介绍
  • 公告通知
  • 最新文献
  • 馆藏检索
  • 电子资源
  • 读者导购
  • 参考咨询
  • 我的图书馆
  • 登录
  • 详细信息显示
  • 放入我的书架
  • 预约/预借图书
  • 作者相关作品
  • 分类相关作品
  • 丛书相关作品
  • 出版社相关作品

书目信息

  • 表格格式
  • 工作单格式
  • 卡片格式
题名:
玉雕艺术大家
    
 
作者: 陆华 著
分册:  
出版信息: 上海   上海辞书出版社  2013.08
页数: 318页
开本: 25cm
丛书名: 海派艺术品投资指南
单 册:
中图分类: J124 , K825.72=76
科图分类:
主题词: 玉器--投资--中国--现代 , 玉器--雕塑--艺术家--访问记--中国--现代 , 玉器 , 雕塑 , 艺术家
电子资源:
ISBN: 978-7-5326-3853-6
000 01027oam2 2200325 450
001 012013112553
005 20140609153357.09
010    @a978-7-5326-3853-6@b精装@dCNY158.00
100    @a20130916d2013 em y0chiy0110 ea
101 0  @achi
102    @aCN@b310000
105    @aa z 000yd
106    @ar
200 1  @a玉雕艺术大家@9yu diao yi shu da jia@f陆华著
210    @a上海@c上海辞书出版社@d2013.08
215    @a318页@c图,照片@d25cm
225 2  @a海派艺术品投资指南
330    @a本书选录上海玉雕艺术形态中有潜力、有拍卖行情、有影响力、为艺术圈认可的艺术家13人,提供相对公正、全面、翔实、准确的投资资讯。
333    @a艺术品投资者,艺术爱好者
461  0 @12001 @a海派艺术品投资指南@1701 0@a陆华@4主编
606 0  @a玉器@x投资@y中国@z现代
606 0  @a玉器@x雕塑@x艺术家@x访问记@y中国@z现代
606 0  @a玉器
606 0  @a雕塑
606 0  @a艺术家
690    @aJ124@v5
690    @aK825.72=76@v5
701  0 @a陆华@9lu hua@4著
801  0 @aCN@b人天书店@c20130916
905    @b549928-30@dJ124@e105@f3
    
    玉雕艺术大家/陆华著.-上海:上海辞书出版社,2013.08
    318页:图,照片;25cm.-(海派艺术品投资指南)
    使用对象:艺术品投资者,艺术爱好者
    
    ISBN 978-7-5326-3853-6(精装):CNY158.00
    本书选录上海玉雕艺术形态中有潜力、有拍卖行情、有影响力、为艺术圈认可的艺术家13人,提供相对公正、全面、翔实、准确的投资资讯。
●
相关链接 在E读中查询图书 在五车中查询图书 在当当中查询图书 在豆瓣中查询图书


正题名:玉雕艺术大家     索取号:J124/105         预约/预借

序号 登录号 条形码 馆藏地/架位号 状态 备注
1 549928   205499281   第一样本阅览室/ [索取号:J124/105] 在馆    
2 549929   205499290   第一借阅区/ [索取号:J124/105] 在馆    
3 549930   205499307   第一借阅区/ [索取号:J124/105] 在馆    
唐山师范学院图书馆 欢迎您!
大连网信软件有限公司© 版权所有